Statistiques concernant Pays du hongrois au français

Cliquez ici pour prendre le quiz!

Statistiques générales

  • Ce quiz a été pris 59 fois
  • Le résultat moyen est 13 sur 16

Statistiques - réponses

Pays en hongrois Et en français % Correct
SpanyolországEspagne
100%
FinnországFinlande
100%
FranciaországFrance
100%
EgyiptomEgypte
98%
NorvégiaNorvège
98%
LettországLettonie
98%
SvédországSuède
98%
DániaDanemark
93%
MagyarországHongrie
87%
KínaChine
82%
TörökországTurquie
78%
SvájcSuisse
71%
OroszországRussie
65%
Egyesült ÁllamokÉtats-Unis
64%
LengyelországPologne
42%
OlaszországItalie
31%

Distribution des résultats

Percentile by Number Answered

% des personnes avec chaque résultat

Votre développement - résultats

Vous n’avez pas pris ce quiz